000 00594nam a2200205 a 4500
001 BRCA_9057
005 20190320210517.0
008 010917s1778----sp-#######---#000-0#spa-#
041 _aspa
044 _asp
084 _aCO62
_b.G34 1778
100 1 _aGallo, Nicolas
_922423
245 1 0 _aSermones del P. Nicolas Gallo.
_c1778
300 _a370 p. (t.2)
_c21.5 x 15.7 cm
500 _aEstado físico: presenta encuadernación en pergamino con presencia del pez de plata
500 _aSin portada.
650 1 4 _aSermones
_yObras anteriores a 1800
_921369
902 _aCFM
942 _2lcc
_cB
999 _c8707
_d8707